00698cam a2200229 a 4500001000800000005001700008008004100025010001700066020002800083040001800111041000800129080001700137082002100154100000700175101000800182245005800190504003000248906004500278942001200323999001700335952011600352197967820180124073206.0890420s1989 cau b 001 0 eng  a 89008189  a1555421679 (alk. paper) aDLCcDLCdDLC aeng a658.4012 BEN00a658.4012 BEN2201 a19 aPOL10aMastering the politics of planning :cGuy Benveniste. aBibliography: p. 287-307. a7bcbccorignewd1eocipf19gy-gencatlg 2ddccBK c40858d40858 00102udc40708PËKGa002b002cPËKGd2018-01-24l0o658.4012 BENp002-2996230r2018-01-24w2018-01-24yBK